[Event "Chess24 Banter Blitz Cup"]
[Site "chess24.com INT"]
[Date "2019.11.08"]
[Round "1.10"]
[White "Movsesian, Sergei"]
[Black "Demuth, Adrien"]
[Result "1-0"]
[WhiteTitle "GM"]
[BlackTitle "GM"]
[WhiteElo "2654"]
[BlackElo "2498"]
[WhiteFideId "310204"]
[BlackFideId "642274"]
[EventDate "2019.09.25"]
[EventType "blitz"]

1. e4 e5 2. Nf3 d6 3. Bc4 Nf6 4. d3 c6 5. O-O Nbd7 6. Re1 g6 7. a4 Bg7 8. a5 O-O
9. Nc3 Qc7 10. h3 Rb8 11. Be3 b5 12. axb6 axb6 13. Bb3 Nc5 14. Ba2 Be6 15. Bxe6
Nxe6 16. Qd2 Ra8 17. d4 b5 18. Rxa8 Rxa8 19. d5 Nd8 20. dxc6 Qxc6 21. Bg5 b4 22.
Nd5 Nxd5 23. exd5 Qb5 24. Re4 Nb7 25. Rxb4 Qa6 26. Bh6 Nc5 27. Rh4 Bf6 28. Bg5
Bg7 29. Bh6 Bf6 30. Bg5 Bg7 31. b4 Na4 32. c4 Rc8 33. b5 Qb6 34. Bh6 Bf6 35. Bg5
Bg7 36. Kh2 Nc5 37. Be3 Qc7 38. Bxc5 Qxc5 39. Ng5 h6 40. Ne4 f5 41. Nxc5 1-0

[Event "Chess24 Banter Blitz Cup"]
[Site "chess24.com INT"]
[Date "2019.11.08"]
[Round "1.11"]
[White "Demuth, Adrien"]
[Black "Movsesian, Sergei"]
[Result "1/2-1/2"]
[WhiteTitle "GM"]
[BlackTitle "GM"]
[WhiteElo "2498"]
[BlackElo "2654"]
[WhiteFideId "642274"]
[BlackFideId "310204"]
[EventDate "2019.09.25"]
[EventType "blitz"]

1. c4 e5 2. Nc3 Nc6 3. e3 Nf6 4. Nf3 Bb4 5. Nd5 a5 6. Qc2 d6 7. Be2 Nxd5 8. cxd5
Ne7 9. O-O O-O 10. d4 exd4 11. exd4 a4 12. a3 Ba5 13. Qxa4 Bg4 14. Qb3 Bb6 15.
h3 Bh5 16. Re1 Ra5 17. Bg5 f6 18. Bd2 Ra8 19. Rac1 Kh8 20. Nh2 Bxe2 21. Rxe2 Nf5
22. Nf3 Nxd4 23. Nxd4 Bxd4 24. Rce1 Bb6 25. Be3 Bxe3 26. Rxe3 b6 27. Re7 Ra5 28.
Qf3 Rg8 29. b4 Ra7 30. R1e3 Qa8 31. h4 b5 32. h5 h6 33. Rf7 c5 34. Rxa7 Qxa7 35.
Qf4 cxb4 36. Qxb4 Qd7 37. Rb3 Qf5 38. Qxd6 Qxh5 39. Rxb5 Qd1+ 40. Kh2 Qh5+ 41.
Kg1 Qd1+ 42. Kh2 Qh5+ 43. Kg1 1/2-1/2

[Event "Chess24 Banter Blitz Cup"]
[Site "chess24.com INT"]
[Date "2019.11.08"]
[Round "1.12"]
[White "Movsesian, Sergei"]
[Black "Demuth, Adrien"]
[Result "1-0"]
[WhiteTitle "GM"]
[BlackTitle "GM"]
[WhiteElo "2654"]
[BlackElo "2498"]
[WhiteFideId "310204"]
[BlackFideId "642274"]
[EventDate "2019.09.25"]
[EventType "blitz"]

1. e4 e5 2. Nf3 d6 3. Bc4 Nf6 4. d3 Be7 5. O-O O-O 6. a4 c6 7. Nbd2 Nbd7 8. Ba2
Qc7 9. Re1 Re8 10. Nf1 Bf8 11. Ng3 g6 12. Ng5 Re7 13. f4 Bg7 14. f5 d5 15. Qf3
h6 16. Nh3 g5 17. Nf2 Nc5 18. h4 dxe4 19. dxe4 gxh4 20. Nh5 Qa5 21. Nxf6+ Bxf6
22. Bxh6 Bd7 23. Qh5 Qb6 24. Qg6+ Kh8 25. Qxf6+ Kg8 26. Qg7# 1-0

[Event "Chess24 Banter Blitz Cup"]
[Site "chess24.com INT"]
[Date "2019.11.10"]
[Round "1.1"]
[White "Santos Ruiz, Miguel"]
[Black "Bluebaum, Matthias"]
[Result "1/2-1/2"]
[WhiteTitle "GM"]
[BlackTitle "GM"]
[WhiteElo "2560"]
[BlackElo "2643"]
[WhiteFideId "22291482"]
[BlackFideId "24651516"]
[EventDate "2019.09.25"]
[EventType "blitz"]

1. c4 c6 2. Nf3 d5 3. e3 Nf6 4. Nc3 e6 5. b3 Bd6 6. Bb2 O-O 7. Be2 e5 8. cxd5
cxd5 9. Nb5 e4 10. Nfd4 Be7 11. d3 Bb4+ 12. Nc3 Nc6 13. Nxc6 bxc6 14. a3 Ba5 15.
b4 Bc7 16. dxe4 dxe4 17. Qxd8 Rxd8 18. O-O Be6 19. Rfd1 Bb3 20. Rxd8+ Rxd8 21.
Bd1 Bxd1 22. Rxd1 Rxd1+ 23. Nxd1 Nd5 24. h3 f5 25. Kf1 Kf7 26. Bd4 a6 27. Ke2 g6
28. Nb2 Ke6 29. Na4 Bd6 30. Bc5 Be5 31. Bd4 Bd6 32. Nb2 Nc7 33. Nc4 Kd5 34. Nb6+
Ke6 35. Nc4 Kd5 36. Nb6+ Ke6 37. Nc4 1/2-1/2

[Event "Chess24 Banter Blitz Cup"]
[Site "chess24.com INT"]
[Date "2019.11.10"]
[Round "1.2"]
[White "Bluebaum, Matthias"]
[Black "Santos Ruiz, Miguel"]
[Result "1-0"]
[WhiteTitle "GM"]
[BlackTitle "GM"]
[WhiteElo "2643"]
[BlackElo "2560"]
[WhiteFideId "24651516"]
[BlackFideId "22291482"]
[EventDate "2019.09.25"]
[EventType "blitz"]

1. d4 Nf6 2. c4 e6 3. Nf3 d5 4. g3 dxc4 5. Bg2 Bb4+ 6. Bd2 a5 7. Qc2 b6 8. O-O
Bb7 9. Bxb4 axb4 10. Qxc4 Nc6 11. Nbd2 O-O 12. Rfc1 Nd5 13. e3 Qd7 14. Ne1 Ra7
15. Nd3 Rfa8 16. Nf3 Na5 17. Qc2 Nc6 18. Nfe5 Nxe5 19. Nxe5 Qe8 20. Qb3 h6 21.
e4 Nf6 22. Rxc7 Bxe4 23. Rxa7 Rxa7 24. Bxe4 Nxe4 25. Qxb4 Qa8 26. h4 Rxa2 27.
Rxa2 Qxa2 28. Qe7 f6 29. Qe8+ Kh7 30. Qg6+ Kg8 31. Qxe4 fxe5 32. Qxe5 Qb3 33.
Kg2 Kf7 34. Qf4+ Ke7 35. Qc7+ Kf6 36. Qc3 Qd5+ 37. Qf3+ Ke7 38. Qxd5 exd5 39.
Kf3 Ke6 40. Kf4 Kf6 41. h5 Ke6 42. g4 Kf6 43. f3 b5 44. b4 Ke6 45. g5 hxg5+ 46.
Kxg5 Kf7 47. f4 Kf8 48. Kg6 Kg8 49. f5 Kf8 50. f6 gxf6 51. Kxf6 Kg8 52. Ke5 1-0

[Event "Chess24 Banter Blitz Cup"]
[Site "chess24.com INT"]
[Date "2019.11.10"]
[Round "1.3"]
[White "Santos Ruiz, Miguel"]
[Black "Bluebaum, Matthias"]
[Result "0-1"]
[WhiteTitle "GM"]
[BlackTitle "GM"]
[WhiteElo "2560"]
[BlackElo "2643"]
[WhiteFideId "22291482"]
[BlackFideId "24651516"]
[EventDate "2019.09.25"]
[EventType "blitz"]

1. c4 e6 2. d4 Nf6 3. Nf3 d5 4. Nc3 c6 5. e3 Nbd7 6. Qc2 Bd6 7. b3 O-O 8. Be2 b6
9. O-O Bb7 10. Bb2 Qe7 11. Rad1 Rad8 12. Rfe1 Rfe8 13. Bf1 e5 14. dxe5 Nxe5 15.
Nxe5 Bxe5 16. cxd5 cxd5 17. Nb5 Rc8 18. Qe2 Bxb2 19. Qxb2 Ba6 20. Rc1 Rc5 21.
Nd4 Bxf1 22. Rxf1 Rec8 23. Rc2 Rxc2 24. Nxc2 Qc5 25. Nd4 Ne4 26. Rd1 g6 27. f3
Nd6 28. Kf2 Nb5 29. Nxb5 Qxb5 30. Rd2 Qc5 31. Qe5 Rd8 32. h4 h5 33. Qd4 Qxd4 34.
Rxd4 Rc8 35. Ke2 Rc5 36. b4 Rc2+ 37. Rd2 Rc4 38. a3 Rxh4 39. Rxd5 Rc4 40. Kd3
Rc1 41. Rb5 Ra1 42. Rd5 Rxa3+ 43. Ke4 Ra2 44. Rd7 Kg7 45. g4 h4 46. g5 h3 47.
Rd1 h2 48. Kf4 Rg2 49. Rh1 a5 50. bxa5 bxa5 51. e4 a4 52. Ke3 a3 53. f4 a2 54.
Kf3 Rg1 0-1

[Event "Chess24 Banter Blitz Cup"]
[Site "chess24.com INT"]
[Date "2019.11.10"]
[Round "1.4"]
[White "Bluebaum, Matthias"]
[Black "Santos Ruiz, Miguel"]
[Result "1-0"]
[WhiteTitle "GM"]
[BlackTitle "GM"]
[WhiteElo "2643"]
[BlackElo "2560"]
[WhiteFideId "24651516"]
[BlackFideId "22291482"]
[EventDate "2019.09.25"]
[EventType "blitz"]

1. d4 Nf6 2. c4 e6 3. Nc3 Bb4 4. e3 O-O 5. Bd2 d5 6. Nf3 b6 7. cxd5 exd5 8. Rc1
Bb7 9. Bd3 Nbd7 10. O-O Be7 11. Qc2 c5 12. Ne5 Nxe5 13. dxe5 Ne4 14. Rfd1 f5 15.
Be1 Qc7 16. f3 Nxc3 17. Bxc3 g6 18. f4 Rad8 19. Be2 Bc8 20. Bf3 Be6 21. Kh1 Rd7
22. b3 Rfd8 23. Bb2 b5 24. b4 c4 25. Bc3 a5 26. a3 axb4 27. axb4 g5 28. fxg5
Bxg5 29. Qf2 Bh6 30. Ra1 Bg7 31. Ra6 Re8 32. Rxe6 Rxe6 33. Bxd5 Kh8 34. Qxf5 Re8
35. e6 Rde7 36. Bxg7+ Rxg7 37. e4 c3 38. Rc1 c2 39. Qf2 Rc8 40. Bb3 Qc3 41. Qxc2
Qxc2 42. Rxc2 Rxc2 43. Bxc2 Re7 44. Bb3 Kg7 45. Kg1 Kf6 46. Kf2 Ke5 47. Ke3 Rc7
48. Kd3 Kd6 49. Kd4 Rc1 50. e5+ Ke7 51. Bd5 Rb1 52. Kc5 Rc1+ 53. Kxb5 Rb1 54.
Bc4 Rc1 55. Kc5 Re1 56. b5 Rxe5+ 57. Kc6 Re3 58. Bd5 Rc3+ 59. Kb6 Rb3 60. Bc6
Rb1 61. Kc7 Rc1 62. b6 Rxc6+ 63. Kxc6 1-0

[Event "Chess24 Banter Blitz Cup"]
[Site "chess24.com INT"]
[Date "2019.11.10"]
[Round "1.5"]
[White "Santos Ruiz, Miguel"]
[Black "Bluebaum, Matthias"]
[Result "1-0"]
[WhiteTitle "GM"]
[BlackTitle "GM"]
[WhiteElo "2560"]
[BlackElo "2643"]
[WhiteFideId "22291482"]
[BlackFideId "24651516"]
[EventDate "2019.09.25"]
[EventType "blitz"]

1. c4 e6 2. Nf3 d5 3. d4 Nf6 4. Nc3 Bb4 5. Qa4+ Nc6 6. e3 O-O 7. Qc2 Ne7 8. Bd2
c5 9. a3 Bxc3 10. Bxc3 cxd4 11. Bxd4 Bd7 12. Bxf6 gxf6 13. Bd3 dxc4 14. Qxc4 Bc6
15. Rd1 Qa5+ 16. b4 Qh5 17. Be2 Qh6 18. O-O Rad8 19. Qc5 Nd5 20. Qxa7 Bd7 21.
Qxb7 Ba4 22. Rd4 Kh8 23. Bc4 Rb8 24. Qa7 Ra8 25. Qc5 Rac8 26. Qd6 Rfd8 27. Qa6
Bc6 28. b5 Ba8 29. b6 Rb8 30. Rb1 Nxe3 31. Rxd8+ Rxd8 32. Be2 Rg8 33. g3 Be4 34.
Rb4 Bxf3 35. Bxf3 Nc2 36. Rb1 Nd4 37. Bg2 Ne2+ 38. Kh1 Rxg3 39. Qxe2 Rxg2 40.
Kxg2 Qg6+ 41. Kh3 Qxb1 42. Qe3 Qf5+ 43. Kg2 Kg7 44. Kf1 Qb1+ 45. Ke2 Qb5+ 46.
Kf3 Qb2 47. Kg2 f5 48. Qf3 Kg6 49. b7 Qb3 50. Qxb3 Kg5 51. b8=Q f4 52. Qg8+ Kh5
53. Qh3# 1-0

[Event "Chess24 Banter Blitz Cup"]
[Site "chess24.com INT"]
[Date "2019.11.10"]
[Round "1.6"]
[White "Bluebaum, Matthias"]
[Black "Santos Ruiz, Miguel"]
[Result "1/2-1/2"]
[WhiteTitle "GM"]
[BlackTitle "GM"]
[WhiteElo "2643"]
[BlackElo "2560"]
[WhiteFideId "24651516"]
[BlackFideId "22291482"]
[EventDate "2019.09.25"]
[EventType "blitz"]

1. d4 Nf6 2. c4 e6 3. Nc3 Bb4 4. e3 O-O 5. Bd2 d5 6. Nf3 c5 7. a3 Bxc3 8. Bxc3
Ne4 9. Rc1 Nxc3 10. Rxc3 cxd4 11. Qxd4 Nc6 12. Qd2 dxc4 13. Bxc4 Qxd2+ 14. Kxd2
Bd7 15. Rhc1 Rfd8 16. Ke2 Rac8 17. b4 Kf8 18. Bd3 h6 19. Be4 a6 20. g3 Ke7 21.
h4 f5 22. Bxc6 Bxc6 23. Ne5 Bb5+ 24. Kf3 Rxc3 25. Rxc3 g5 26. hxg5 hxg5 27. Kg2
g4 28. f4 gxf3+ 29. Kxf3 Kf6 30. Kf4 Rd1 31. e4 Rd4 32. Re3 b6 33. Nf3 Rc4 34.
Ne5 Rd4 35. Nf3 Rc4 36. Ne5 Rd4 1/2-1/2

[Event "Chess24 Banter Blitz Cup"]
[Site "chess24.com INT"]
[Date "2019.11.10"]
[Round "1.7"]
[White "Santos Ruiz, Miguel"]
[Black "Bluebaum, Matthias"]
[Result "1-0"]
[WhiteTitle "GM"]
[BlackTitle "GM"]
[WhiteElo "2560"]
[BlackElo "2643"]
[WhiteFideId "22291482"]
[BlackFideId "24651516"]
[EventDate "2019.09.25"]
[EventType "blitz"]

1. c4 e6 2. Nf3 d5 3. d4 Nf6 4. Nc3 Bb4 5. Qa4+ Nc6 6. e3 O-O 7. Qc2 Na5 8. c5
b6 9. Bd2 bxc5 10. a3 Bxc3 11. Bxc3 Nc6 12. dxc5 Ne4 13. Be2 Nxc3 14. Qxc3 a5
15. O-O Ba6 16. Bxa6 Rxa6 17. b4 Qb8 18. Qd3 Ra7 19. b5 Ne7 20. a4 Rd8 21. Rfc1
Qc8 22. c6 Qb8 23. Ne5 Nc8 24. Nd7 Qa8 25. e4 Nb6 26. Nxb6 cxb6 27. Rd1 d4 28.
e5 Rd5 29. Qe4 Qd8 30. Rd3 Ra8 31. Rad1 Qg5 32. f4 Qh5 33. Qf3 Qxf3 34. gxf3
Rad8 35. c7 Rc8 36. Rxd4 Rxc7 37. Rxd5 exd5 38. Rxd5 g6 39. Kg2 Rc4 40. Kg3 Rxa4
41. Rd6 Rb4 42. Rxb6 a4 43. Rb8+ Kg7 44. Rb7 Kg8 45. Rb8+ Kg7 46. b6 a3 47. Ra8
Rxb6 48. Rxa3 Rb5 49. h4 h5 50. Rd3 Rb7 51. Rd6 Re7 52. Rf6 Ra7 53. f5 gxf5 54.
Rxf5 Kg6 55. Rg5+ Kh6 56. Kf4 Ra4+ 57. Kf5 Ra7 58. f4 Ra6 59. Rg8 Ra1 60. Kf6
Rh1 61. Rh8# 1-0

[Event "Chess24 Banter Blitz Cup"]
[Site "chess24.com INT"]
[Date "2019.11.10"]
[Round "1.8"]
[White "Bluebaum, Matthias"]
[Black "Santos Ruiz, Miguel"]
[Result "1/2-1/2"]
[WhiteTitle "GM"]
[BlackTitle "GM"]
[WhiteElo "2643"]
[BlackElo "2560"]
[WhiteFideId "24651516"]
[BlackFideId "22291482"]
[EventDate "2019.09.25"]
[EventType "blitz"]

1. d4 Nf6 2. c4 e6 3. Nf3 d5 4. g3 Bb4+ 5. Bd2 Be7 6. Bg2 O-O 7. O-O c6 8. Qc2
b6 9. Rd1 Nbd7 10. b3 h6 11. a4 a5 12. Nc3 Ba6 13. e4 dxc4 14. bxc4 Bxc4 15. e5
Nd5 16. Ne4 b5 17. g4 c5 18. dxc5 Rc8 19. axb5 Bxb5 20. Bxa5 Qe8 21. Rdb1 Nxc5
22. Nxc5 Rxc5 23. Qd2 Qc8 24. Rc1 Bd7 25. Rxc5 Qxc5 26. Qd4 Rc8 27. Qxc5 Bxc5
28. Bd2 Bb6 29. h3 Rc2 30. Rc1 Ra2 31. Bf1 Ba4 32. Bc4 Rc2 33. Rxc2 Bxc2 34. Ne1
Be4 35. Kf1 Bd4 36. f3 Bg6 37. Ng2 Bxe5 38. f4 Bd6 39. f5 Bh7 40. Bxd5 exd5 41.
Nf4 d4 42. Ke2 Bxf4 43. Bxf4 h5 44. Kd3 hxg4 45. hxg4 g6 1/2-1/2

[Event "Chess24 Banter Blitz Cup"]
[Site "chess24.com INT"]
[Date "2019.11.10"]
[Round "1.9"]
[White "Santos Ruiz, Miguel"]
[Black "Bluebaum, Matthias"]
[Result "1/2-1/2"]
[WhiteTitle "GM"]
[BlackTitle "GM"]
[WhiteElo "2560"]
[BlackElo "2643"]
[WhiteFideId "22291482"]
[BlackFideId "24651516"]
[EventDate "2019.09.25"]
[EventType "blitz"]

1. c4 c6 2. Nf3 d5 3. e3 Nf6 4. Nc3 Bg4 5. cxd5 Bxf3 6. Qxf3 cxd5 7. d4 Nc6 8.
Bd2 e6 9. Bd3 Bd6 10. g4 h6 11. h4 Nd7 12. O-O-O Qe7 13. Kb1 O-O-O 14. Rc1 Kb8
15. a3 a6 16. Na4 Rc8 17. Rc2 Rc7 18. Rhc1 Rhc8 19. g5 hxg5 20. hxg5 Qxg5 21. b4
Qe7 22. Nc5 Na7 23. a4 Qe8 24. Rb2 Be7 25. Bxa6 Nxc5 26. bxc5 Qxa4 27. Bf1 f5
28. Rc3 Rh8 29. Rcb3 Kc8 30. Rb4 Qa3 31. R2b3 Qa5 32. Qe2 Nc6 33. Rxb7 Rxb7 34.
Rxb7 Qa4 35. Qa6 Qxa6 36. Bxa6 Rh1+ 37. Kc2 Kd8 38. Rb6 Kc7 39. Bb5 Na7 40. Ba4
Ra1 41. Kb3 Rb1+ 42. Kc2 Rxb6 43. cxb6+ Kxb6 44. Bd7 g6 45. Bxe6 Kc6 46. Bf7 g5
47. Bg6 f4 48. Kd3 fxe3 49. fxe3 Kd6 50. e4 Ke6 51. exd5+ Kxd5 52. Be4+ Ke6 53.
Be3 Nb5 54. d5+ Ke5 55. Bg2 Nd6 56. Ke2 Nf5 57. Kf3 Bd6 58. Bxg5 Nd4+ 59. Kg4
Nc2 60. Bf4+ Kf6 61. Bxd6 Ne3+ 62. Kf3 Nc4 63. Ke4 Nxd6+ 64. Kd4 Nf5+ 1/2-1/2

[Event "Chess24 Banter Blitz Cup"]
[Site "chess24.com INT"]
[Date "2019.11.10"]
[Round "1.10"]
[White "Bluebaum, Matthias"]
[Black "Santos Ruiz, Miguel"]
[Result "1-0"]
[WhiteTitle "GM"]
[BlackTitle "GM"]
[WhiteElo "2643"]
[BlackElo "2560"]
[WhiteFideId "24651516"]
[BlackFideId "22291482"]
[EventDate "2019.09.25"]
[EventType "blitz"]

1. c4 e5 2. Nc3 Nc6 3. Nf3 Nf6 4. e3 Bb4 5. Qc2 Bxc3 6. Qxc3 Qe7 7. Be2 d5 8. d4
exd4 9. Nxd4 Nxd4 10. Qxd4 c5 11. Qf4 dxc4 12. Bxc4 O-O 13. b3 Be6 14. Bb2 Bxc4
15. Qxc4 b6 16. O-O Rfd8 17. Rad1 Rxd1 18. Rxd1 Rd8 19. Qe2 h6 20. h3 Rxd1+ 21.
Qxd1 Qd7 22. Qxd7 Nxd7 23. Kf1 Kf8 24. Ke2 g6 25. Kd3 Ke7 26. e4 Kd6 27. f4 b5
28. g4 a6 29. Bg7 h5 30. gxh5 gxh5 31. Ke3 Nb8 32. Be5+ 1-0

[Event "Chess24 Banter Blitz Cup"]
[Site "chess24.com INT"]
[Date "2019.11.10"]
[Round "1.11"]
[White "Santos Ruiz, Miguel"]
[Black "Bluebaum, Matthias"]
[Result "1-0"]
[WhiteTitle "GM"]
[BlackTitle "GM"]
[WhiteElo "2560"]
[BlackElo "2643"]
[WhiteFideId "22291482"]
[BlackFideId "24651516"]
[EventDate "2019.09.25"]
[EventType "blitz"]

1. c4 e6 2. Nc3 Bb4 3. Qc2 Nf6 4. Nf3 O-O 5. a3 Bxc3 6. Qxc3 b6 7. b3 Bb7 8. Bb2
d6 9. e3 e5 10. Be2 a5 11. d4 e4 12. Nd2 d5 13. Rc1 Nbd7 14. a4 Rc8 15. O-O Re8
16. Rfd1 Qe7 17. Nf1 Qe6 18. Ng3 g6 19. h3 h5 20. Bf1 Nf8 21. b4 axb4 22. Qxb4
h4 23. Ne2 dxc4 24. Nf4 Qf5 25. d5 g5 26. Ne2 Nxd5 27. Qxc4 c5 28. Nc3 Nb4 29.
Nb5 Bd5 30. Qc3 Qh7 31. Rb1 Red8 32. Ba1 Ne6 33. Be2 Qg7 34. Qc1 Qg6 35. Bg4 Nd3
36. Qc3 Qg7 37. Qc2 Qg6 38. Nc3 Bc4 39. Ne2 Ba6 40. Nc3 f5 41. Be2 g4 42. hxg4
fxg4 43. Nb5 g3 44. fxg3 Qxg3 45. Bxd3 Qxe3+ 46. Kh1 Rxd3 47. Re1 Qg3 48. Rxe4
Nf4 49. Rxf4 Bb7 50. Qc4+ Bd5 51. Rg4+ Kh7 52. Rxh4+ Kg6 53. Rg4+ Kh5 54. Qxd5+
Rxd5 55. Rxg3 Ra8 56. Rh3+ Kg4 57. Nc3 Rxa4 58. Nxd5 1-0

[Event "Chess24 Banter Blitz Cup"]
[Site "chess24.com INT"]
[Date "2019.11.10"]
[Round "1.12"]
[White "Bluebaum, Matthias"]
[Black "Santos Ruiz, Miguel"]
[Result "1/2-1/2"]
[WhiteTitle "GM"]
[BlackTitle "GM"]
[WhiteElo "2643"]
[BlackElo "2560"]
[WhiteFideId "24651516"]
[BlackFideId "22291482"]
[EventDate "2019.09.25"]
[EventType "blitz"]

1. d4 Nf6 2. c4 e6 3. Nc3 Bb4 4. e3 O-O 5. Bd2 d5 6. Nf3 b6 7. cxd5 exd5 8. Rc1
Bb7 9. Bd3 Nbd7 10. O-O Be7 11. Qc2 c5 12. Ne5 g6 13. f4 Rc8 14. Qa4 a6 15. Qd1
b5 16. a3 Nb6 17. Kh1 Nc4 18. Qc2 Bd6 19. dxc5 Rxc5 20. Nf3 Ne4 21. Rce1 Nexd2
22. Nxd2 Re8 23. Nb3 Nxe3 24. Rxe3 Rxe3 25. Nxc5 Bxc5 26. Nd1 d4 27. Nxe3 dxe3
28. Be4 Bxe4 29. Qxe4 Qd2 30. Qe8+ Kg7 31. Qe5+ Kg8 32. Qe8+ Kg7 33. Qe5+ Kg8
34. Qe8+ 1/2-1/2

[Event "Chess24 Banter Blitz Cup"]
[Site "chess24.com INT"]
[Date "2019.11.10"]
[Round "1.13"]
[White "Santos Ruiz, Miguel"]
[Black "Bluebaum, Matthias"]
[Result "1/2-1/2"]
[WhiteTitle "GM"]
[BlackTitle "GM"]
[WhiteElo "2560"]
[BlackElo "2643"]
[WhiteFideId "22291482"]
[BlackFideId "24651516"]
[EventDate "2019.09.25"]
[EventType "blitz"]

1. c4 c6 2. Nf3 d5 3. e3 Bg4 4. Nc3 e6 5. h3 Bh5 6. g4 Bg6 7. Ne5 Nd7 8. Nxg6
hxg6 9. b3 Bd6 10. Bb2 Ngf6 11. Bg2 Qe7 12. g5 Nh5 13. h4 Ba3 14. Qc2 Bxb2 15.
Qxb2 O-O-O 16. b4 Ne5 17. Ke2 dxc4 18. b5 Nd3 19. Qc2 Nb4 20. Qb2 Nd3 21. Qc2
Nb4 22. Qb2 Nd3 1/2-1/2

[Event "Chess24 Banter Blitz Cup"]
[Site "chess24.com INT"]
[Date "2019.11.10"]
[Round "1.14"]
[White "Bluebaum, Matthias"]
[Black "Santos Ruiz, Miguel"]
[Result "1-0"]
[WhiteTitle "GM"]
[BlackTitle "GM"]
[WhiteElo "2643"]
[BlackElo "2560"]
[WhiteFideId "24651516"]
[BlackFideId "22291482"]
[EventDate "2019.09.25"]
[EventType "blitz"]

1. d4 Nf6 2. c4 e6 3. Nf3 d5 4. g3 Bb4+ 5. Nbd2 dxc4 6. Bg2 a5 7. a3 Bxd2+ 8.
Qxd2 Bd7 9. Ne5 Bc6 10. Nxc6 Nxc6 11. e3 Nd5 12. Qc2 Nb6 13. b3 cxb3 14. Qxb3
O-O 15. O-O Qd7 16. Bb2 a4 17. Qc2 Na5 18. e4 Nb3 19. Rad1 Rad8 20. d5 exd5 21.
exd5 Rfe8 22. Qc3 f6 23. Qb4 Qf7 24. d6 Nc4 25. Bd5 1-0

[Event "Chess24 Banter Blitz Cup"]
[Site "chess24.com INT"]
[Date "2019.11.10"]
[Round "1.15"]
[White "Santos Ruiz, Miguel"]
[Black "Bluebaum, Matthias"]
[Result "1/2-1/2"]
[WhiteTitle "GM"]
[BlackTitle "GM"]
[WhiteElo "2560"]
[BlackElo "2643"]
[WhiteFideId "22291482"]
[BlackFideId "24651516"]
[EventDate "2019.09.25"]
[EventType "blitz"]

1. e4 c6 2. Nf3 d5 3. Nc3 dxe4 4. Nxe4 Nf6 5. Qe2 Nxe4 6. Qxe4 Nd7 7. Bc4 Nf6 8.
Ne5 e6 9. Qe2 b5 10. Bd3 Qc7 11. a4 b4 12. Bc4 Bd6 13. f4 O-O 14. b3 Nd5 15. g3
f6 16. Nf3 e5 17. fxe5 fxe5 18. Bb2 Bg4 19. O-O Bh3 20. Rfe1 Bg4 21. Rf1 Bh3 22.
Qe4 Bxf1 23. Rxf1 Qe7 24. h4 h6 25. Bd3 Nf6 26. Qg6 e4 27. Ng5 hxg5 28. hxg5
exd3 29. gxf6 Qf7 30. Qg5 Rae8 31. Rf5 Re1+ 32. Kf2 Re2+ 33. Kf1 g6 34. Rf3 Rfe8
35. Rxd3 Re1+ 36. Kf2 R8e2+ 37. Kf3 Re6 38. Kf2 R6e2+ 39. Kf3 Re6 40. Kf2 R6e2+ 1/2-1/2

[Event "Chess24 Banter Blitz Cup"]
[Site "chess24.com INT"]
[Date "2019.11.11"]
[Round "1.1"]
[White "Bartholomew, John"]
[Black "Anton Guijarro, David"]
[Result "1-0"]
[WhiteTitle "IM"]
[BlackTitle "GM"]
[WhiteElo "2446"]
[BlackElo "2674"]
[WhiteFideId "2019353"]
[BlackFideId "2285525"]
[EventDate "2019.09.25"]
[EventType "blitz"]

1. d4 d6 2. Nf3 Bf5 3. Nc3 Nf6 4. Bg5 Nbd7 5. e3 h6 6. Bh4 g5 7. Bg3 Bg7 8. Bd3
Bxd3 9. Qxd3 a6 10. h3 c5 11. a4 Qa5 12. O-O O-O 13. d5 Rac8 14. Nd2 Qc7 15. Nc4
Nb6 16. a5 Nxc4 17. Qxc4 Rfe8 18. f4 g4 19. Qe2 Qd7 20. f5 gxh3 21. gxh3 Kh8 22.
Kh2 Rg8 23. e4 Nh7 24. Bf4 Be5 25. Qh5 Bxf4+ 26. Rxf4 Rg5 27. Qxh6 Rcg8 28. Rf2
Qe8 29. Ne2 Qb5 30. b3 Qb4 31. Qh4 Qd2 32. Qf4 Qxc2 33. e5 dxe5 34. Qxe5+ Nf6
35. Qxe7 Qb2 36. Raf1 Re8 37. Qxc5 Rxe2 38. Qf8+ Ng8 39. Qc5 Qe5+ 40. Kh1 Qg3
41. Rxe2 Qxh3+ 42. Rh2 Qxh2+ 43. Kxh2 Nf6 44. Qd4 Kg7 45. d6 Rg4 46. Qe5 Re4 47.
Qc3 Re2+ 48. Kg1 1-0

[Event "Chess24 Banter Blitz Cup"]
[Site "chess24.com INT"]
[Date "2019.11.11"]
[Round "1.2"]
[White "Anton Guijarro, David"]
[Black "Bartholomew, John"]
[Result "0-1"]
[WhiteTitle "GM"]
[BlackTitle "IM"]
[WhiteElo "2674"]
[BlackElo "2446"]
[WhiteFideId "2285525"]
[BlackFideId "2019353"]
[EventDate "2019.09.25"]
[EventType "blitz"]

1. d4 d5 2. Nc3 Nf6 3. Bg5 Bf5 4. e3 e6 5. Bd3 Bxd3 6. Qxd3 Nbd7 7. Nf3 h6 8.
Bxf6 Nxf6 9. e4 dxe4 10. Nxe4 Qd5 11. Nxf6+ gxf6 12. O-O O-O-O 13. c4 Qh5 14.
Rad1 Rg8 15. d5 e5 16. g3 Bc5 17. b4 Bxb4 18. Qe3 b6 19. Kg2 Bc5 20. Qb3 Qg4 21.
Rde1 h5 22. Qc2 h4 23. Qe4 h3+ 24. Kg1 Rde8 25. Nh4 Rg5 26. Kh1 Qxe4+ 27. Rxe4
f5 28. Re2 e4 29. f4 Rh5 30. Rb1 Rg8 31. Rd1 a5 32. a4 Kd7 33. Rf1 Kd6 34. Rc2
Rg4 35. Rd2 Ke7 36. Rc2 Kf6 37. Rd2 Rh8 38. Rc2 Rhg8 39. Rd2 Re8 40. Rc2 Bb4 41.
Re2 Bc3 42. Rc2 Bb4 43. Kg1 Rc8 44. Kf2 c6 45. Rd1 Bc5+ 46. Ke2 Rgg8 47. dxc6
Rxc6 48. Rd5 Rgc8 49. Rxf5+ Ke7 50. Rd5 Kf8 51. Nf5 Bb4 52. Rc1 f6 53. Rcd1 Rxc4
54. Rd8+ Rxd8 55. Rxd8+ Kf7 56. Rd4 Rc2+ 57. Ke3 Rxh2 58. Kxe4 Re2+ 59. Kf3 h2
60. Rd1 Re1 61. Rd7+ Ke8 62. Rh7 h1=Q+ 63. Rxh1 Rxh1 64. Nd6+ Bxd6 0-1

[Event "Chess24 Banter Blitz Cup"]
[Site "chess24.com INT"]
[Date "2019.11.11"]
[Round "1.3"]
[White "Bartholomew, John"]
[Black "Anton Guijarro, David"]
[Result "1-0"]
[WhiteTitle "IM"]
[BlackTitle "GM"]
[WhiteElo "2446"]
[BlackElo "2674"]
[WhiteFideId "2019353"]
[BlackFideId "2285525"]
[EventDate "2019.09.25"]
[EventType "blitz"]

1. d4 e6 2. Nf3 f5 3. c4 Nf6 4. Nc3 Bb4 5. Qc2 O-O 6. a3 Bxc3+ 7. Qxc3 b6 8. g3
a5 9. b3 Bb7 10. Bg2 d6 11. O-O Qe7 12. Bb2 Nbd7 13. Rad1 Be4 14. Rfe1 Rfb8 15.
a4 Rf8 16. Bf1 Rad8 17. Nd2 Bb7 18. f3 e5 19. Bg2 e4 20. d5 Nc5 21. Nf1 f4 22.
gxf4 Rde8 23. Ng3 Qf7 24. e3 Bc8 25. Rf1 h5 26. Nxe4 Nfxe4 27. fxe4 Nxe4 28. Qd4
Bf5 29. Bf3 Qg6+ 30. Kh1 Bg4 31. Rde1 Bxf3+ 32. Rxf3 Qg4 33. Qd1 Rf7 34. Rg1 Qf5
35. Rg2 Nf6 36. Qg1 Ree7 37. h3 Ne4 38. Kh2 Kf8 39. Qe1 Ke8 40. Qh4 Kd7 41. Qe1
Nf6 42. b4 axb4 43. Qxb4 Kd8 44. a5 Nd7 45. a6 Re8 46. Bxg7 Qe4 47. Rfg3 Nc5 48.
Qb5 h4 49. Rg4 Qxe3 50. a7 Qa3 51. Bb2 Qxa7 52. Rg8 Re7 53. Bf6 Qa4 54. Rxe8# 1-0